NFL Retired Numbers: NFC North - Statistics

General Stats
  • This quiz has been taken 70 times
  • The average score is 14 of 34
Answer Stats
Team Number Player Years w/ Team % Correct
Green BayPackers #4 BrettFavre 1992-2007
90%
DetroitLions #20 BarrySanders 1989-1998
84%
Green BayPackers #15 BartStarr 1956-1971
82%
ChicagoBears #34 WalterPayton 1975-1987
80%
MinnesotaVikings #10 FranTarkenton 1961-1966;1972-1978
72%
MinnesotaVikings #80 CrisCarter 1990-2001
68%
Green BayPackers #92 ReggieWhite 1993-1998
68%
ChicagoBears #51 DickButkus 1965-1973
58%
Green BayPackers #14 DonHutson 1935-1945
56%
ChicagoBears #40 GaleSayers 1965-1971
56%
ChicagoBears #89 MikeDitka 1961-1966
56%
DetroitLions #22 BobbyLayne 1950-1958
54%
ChicagoBears #42 SidLuckman 1939-1950
52%
MinnesotaVikings #88 AlanPage 1967-1978
50%
ChicagoBears #3 BronkoNagurski 1930-1937;1943
48%
MinnesotaVikings #70 JimMarshall 1961-1979
46%
Green BayPackers #66 RayNitschke 1958-1972
46%
ChicagoBears #77 RedGrange 1925-1934
40%
ChicagoBears #7 GeorgeHalas 1920-1928
36%
MinnesotaVikings #77 KoreyStringer 1995-2000
26%
DetroitLions #20 BillySims 1980-1984
20%
ChicagoBears #41 BrianPiccolo 1965-1969
20%
DetroitLions #37 DoakWalker 1950-1955
20%
DetroitLions #56 JoeSchmidt 1953-1965
20%
Green BayPackers #3 TonyCanadeo 1941-1952
20%
DetroitLions #85 ChuckHughes 1970-1971
18%
MinnesotaVikings #53 MickTingelhoff 1962-1978
18%
DetroitLions #7 DutchClark 1931-1932;1934-1938
16%
DetroitLions #20 LemBarney 1967-1977
16%
ChicagoBears #61 BillGeorge 1952-1965
12%
ChicagoBears #56 BillHewitt 1932-1936
10%
ChicagoBears #66 BulldogTurner 1940-1952
10%
ChicagoBears #5 GeorgeMcAfee 1940-1941;1945-1950
8%
ChicagoBears #28 WillieGalimore 1957-1963
6%
No matching quizzes found
Score Distribution
Percent of People with Each Score
Percentile by Number Answered
Your Score History
You have not taken this quiz